000 00597nam a2200205Ia 4500
003 IN-BaIIA
008 211028s9999 xx 000 0 eng d
040 _cIIA Library
080 _a084.4:52
_bVEH
100 _aVehrenberg, Hans
_98484
245 4 _aThe Falkauer atlas
_bphotographic star atlas 1950.0
_cHans Vehrenberg
250 _a3rd ed.
260 _aDusseldorf
_bTreugesel Verlag
_c1972
300 _a28p.
650 _a Atlas 
_98310
650 _a Atlas-Stars 
_98485
650 _a Photographic stars
_98486
650 _aAstronomy and Astrophysics Thesaurus 
_91143
942 _cBK
999 _c4772
_d4772